000 01696cam a22004694i 4500
003 PE-LiUPU
005 20250731173018.0
008 150623s1989 miu r 000 0 eng d
020 _a0310754615
035 _a(Sirsi) i9780310754619
040 _aPE-LiUPU
_bspa
_cPE-LiUPU
_erda
049 _aPRUA
082 0 4 _a231.3
_bS78
_221
100 1 _aStanger, Frank Bateman,
_eautor.
245 1 4 _aThe church empowered :
_bthe nature and workings of the Holy Spirit /
_cFrank Bateman Stanger.
264 1 _aGrand Rapids, Michigan :
_bZondervan Publishing House,
_c1989.
300 _a124 páginas ;
_c20 centímetros
336 _atext
_2rdacontent
337 _aunmediated
_2rdamedia
338 _avolume
_2rdacarrier
504 _aIncluye bibliografía.
505 0 _aIs the Holt Spirit a luxury or a necessity? -- What happened at pentecost? -- The Holy Spirits work in you and me -- Two practical ministries of the Holy Spirit -- The Holy Spirit and the church.
526 _aSEG42
526 _aSEG41
526 _aSEG40
526 _aSEG39
526 _aP94
526 _aP87
526 _aP86
526 _aP85
526 _aP77
526 _aP76
526 _aP35
650 0 4 _aEspíritu Santo.
_91618
650 0 4 _aIglesia.
942 _2ddc
_cBOOK
949 _a231.3 S78
_wDEWEY
_c1
_i47370
_lCCODEBUL1
_mBUL
_r0
_sY
_tBOOK
_u2015-6-24
_xTEOLOGIA
_PP35
_0COMPRA
_o.STAFF. Colección Teología
994 _aC0
_bPEPRU
596 _a1
999 _a231.3 S78
_wDEWEY
_c23924
_i47370
_f2021-11-11
_g5
_lCCODEBUL1
_mBUL
_p30.00
_r0
_sY
_tBOOK
_u2015-6-24
_xTEOLOGIA
_PP35
_0COMPRA
_o.STAFF. Colección Teología
_d23924
980 _81
_gALBERTO SANCHEZ Responsable de Automatización